• 首页
  • 本馆介绍
  • 公告通知
  • 最新文献
  • 馆藏检索
  • 电子资源
  • 读者导购
  • 参考咨询
  • 我的图书馆
  • 登录
  • 详细信息显示
  • 放入我的书架
  • 预约/预借图书
  • 作者相关作品
  • 分类相关作品
  • 丛书相关作品
  • 出版社相关作品

书目信息

  • 表格格式
  • 工作单格式
  • 卡片格式
题名:
显微镜与望远镜
    
 
作者: 赫鲁吉赫 著 ;滕砥平 译
分册:  
出版信息: 北京   中国青年出版社  1953
页数: 72页
开本: 20cm
丛书名: 苏联青年科学丛书
单 册:
中图分类: TH742
科图分类:
主题词: 光学仪器
电子资源:
ISBN:
000 00700nam0 2200241 450
001 0634514108
005 20060725171955.29
010    @dCNY0.24
100    @a20060302d1953 km y0chiy0120 ea
101 0  @achi
102    @aCN@b110000
102    @aCN@b110000
200 1  @a显微镜与望远镜@Axian wei jing yu wang yuan jing@f(苏)赫鲁吉赫著@F(su)he lu ji he zhu@g滕砥平译@Gteng di ping yi
210    @a北京@c中国青年出版社@d1953
215 1  @a72页@d20cm
225 2  @a苏联青年科学丛书
410  0 @12001 @a苏联青年科学丛书
606 0  @a光学仪器
690    @aTH742@v4
701  0 @a赫鲁吉赫@Ahe lu ji he@4著
702  0 @a滕砥平@Ateng di ping@4译
801  0 @aCN@bPFT@c20060725
905    @a10447@dTH742@e9
    
    显微镜与望远镜/(苏)赫鲁吉赫著/滕砥平译.-北京:中国青年出版社,1953
    72页;20cm.-(苏联青年科学丛书)
    
    
    ISBN :CNY0.24
    
●
相关链接 在E读中查询图书 在五车中查询图书 在当当中查询图书 在豆瓣中查询图书


正题名:显微镜与望远镜     索取号:TH742/9         预约/预借

序号 登录号 条形码 馆藏地/架位号 状态 备注
1 0018037   202200750   密集书库/ [索取号:TH742/9] 在馆    
2 0438431   204384317   密集书库/ [索取号:TH742/9] 在馆    
唐山师范学院图书馆 欢迎您!
大连网信软件有限公司© 版权所有